MARC

LEADER 00000nam0a2200000 4500
001 38942
005 20231101210529.0
010 |a 5339000907 
035 |a (RuTPU)RU\TPU\book\39774 
035 |a RU\TPU\book\28233 
090 |a 38942 
100 |a 20020321d1988 km y0rusy50 ca 
101 0 |a rus 
102 |a BY 
105 |a a g 001zy 
200 1 |a Режущий инструмент и оснастка станков с ЧПУ  |e справочное пособие  |f Е. Э. Фельдштейн 
210 |a Минск  |c Вышэйшая школа  |d 1988 
215 |a 335 с.  |c ил. 
320 |a Библиогр.: с. 330-331. 
320 |a Предм. указ.: с. 332-335. 
606 1 |a Режущие инструменты  |2 stltpush  |3 (RuTPU)RU\TPU\subj\72754  |9 86158 
606 1 |a Металлорежущие станки с программным управлением  |x Оснастка технологическая  |x Конструкция и расчет  |2 stltpush  |3 (RuTPU)RU\TPU\subj\42699  |9 62357 
610 1 |a режущие станки 
610 1 |a режущие инструменты 
610 1 |a металлорежущие станки 
610 1 |a станки с ЧПУ 
610 1 |a эксплуатация 
610 1 |a справочники 
675 |a 621.9.02(035)  |v 3 
675 |a 621.9.06-529-229(035)  |v 3 
700 1 |a Фельдштейн  |b Е. Э.  |g Евгений Эммануилович 
801 0 |a BY  |b 63413507  |c 20011209  |g PSBO 
801 1 |a RU  |b 63413507  |c 20020321  |g PSBO 
801 2 |a RU  |b 63413507  |c 20221010  |g PSBO 
942 |c BK